Využitie dokumentov v zahraničnom obchode pri vnútroúniovom obchode Európskej únie diplomová práca

Gespeichert in:
Bibliographische Detailangaben
1. Verfasser: Laurenčíková, Martina
Körperschaft: Obchodná fakulta EU. Katedra medzinárodného obchodu
Weitere Verfasser: Knapik, Peter
Format: Buch
Sprache:Slowakisch
Veröffentlicht: Bratislava 2010
Tags: Tag hinzufügen
Keine Tags, Fügen Sie das erste Tag hinzu!

MARC

LEADER 00000nam a2200000 4500
001 0120159
005 20240318123829.1
041 0 |a slo 
044 |a SK 
245 1 0 |a Využitie dokumentov v zahraničnom obchode pri vnútroúniovom obchode Európskej únie  |b diplomová práca  |c Martina Laurenčíková ; škol. Peter Knapik 
264 1 |a Bratislava  |c 2010 
300 |a 93 s. 
100 1 |a Laurenčíková, Martina 
700 1 |a Knapik, Peter 
710 2 |a Obchodná fakulta EU. Katedra medzinárodného obchodu